Finiteness and negation in dravidian (Record no. 26085)
[ view plain ]
| 000 -CABECERA | |
|---|---|
| campo de control de longitud fija | 00630caa a22001692a 4500 |
| 001 - NÚMERO DE CONTROL | |
| campo de control | 020361 |
| 003 - IDENTIFICADOR DEL NÚMERO DE CONTROL | |
| campo de control | AR-FADEU |
| 008 - DATOS DE LONGITUD FIJA--INFORMACIÓN GENERAL | |
| campo de control de longitud fija | 311216n########xxu####################dd |
| 092 ## - ASIGNACIÓN LOCAL DE SIGNATURA TOPOGRÁFICA DEWEY (OCLC) | |
| Número de clasificación | 415 |
| Número de documento/Ítem | C574 |
| 100 ## - ENTRADA PRINCIPAL--NOMBRE DE PERSONA | |
| Nombre de persona | Amiritavalli, R. |
| 245 ## - MENCIÓN DE TÍTULO | |
| Título | Finiteness and negation in dravidian |
| 300 ## - DESCRIPCIÓN FÍSICA | |
| Extensión | PP. 178-220 |
| 500 ## - NOTA GENERAL | |
| Nota general | En: The Oxford handbook of comparative syntax / ed. Guglielmo Cinque. New York : Oxford University Press, 2005 |
| 700 ## - PUNTO DE ACCESO ADICIONAL--NOMBRE DE PERSONA | |
| Nombre de persona | K. A., Jayaseelan |
| 773 0# - ENLACE AL DOCUMENTO FUENTE/ENTRADA DE REGISTRO ANFITRIÓN | |
| Número bibliográfico anfitrión | 26080 |
| Número de ítem anfitrión | 25106 |
| Encabezamiento principal | Cinque, Guglielmo, ed. |
| Edición | |
| Lugar, editor y fecha de publicación | New York |
| Otro identificador del documento | 05365 |
| Título | The Oxford handbook of comparative syntax |
| Número de control del registro | ( AR-FADEU) 020356 |
| Número Internacional Normalizado para Publicaciones Seriadas | |
| Número Internacional Estándar del Libro | 0-19-513650-0 |
| 942 ## - ELEMENTOS DE PUNTO DE ACCESO ADICIONAL (KOHA) | |
| Tipo de ítem Koha | BDGR |
No items available.